| 000 | 00470nam a2200193Ia 4500 | ||
|---|---|---|---|
| 003 | 0100 | ||
| 008 | 130303s9999 xx 000 0 und d | ||
| 040 | _cARRUPELIB | ||
| 050 | _aQB36.G2G3191989 | ||
| 100 | _aFinocchiaro, Maurice A | ||
| 245 | 4 | _aThe Galileo affair | |
| 245 | _ba documentary history | ||
| 260 | _aBerkeley CA | ||
| 260 | _bUniv. of CA Pr. | ||
| 260 | _C1989 | ||
| 300 | _a382p | ||
| 700 | _aed., tr., intro. by M.A. Finocchiaro | ||
| 942 | 0 | 0 | _03 |
| 999 |
_c21206 _d21206 |
||